<?xml version="1.0" encoding="UTF-8"?>
<marc:record xmlns:marc="http://www.loc.gov/MARC21/slim">
   <marc:leader>00000nam a2200000 a 4500</marc:leader>
   <marc:datafield ind1="1" ind2=" " tag="100">
      <marc:subfield code="a">Colfer, Eoin</marc:subfield>
      <marc:subfield code="4">aut</marc:subfield>
      <marc:subfield code="e">Verfasser/-in</marc:subfield>
   </marc:datafield>
   <marc:datafield ind1="0" ind2="0" tag="245">
      <marc:subfield code="a">WARP, Bd. 2</marc:subfield>
   </marc:datafield>
   <marc:datafield ind1="0" ind2="0" tag="245">
      <marc:subfield code="b">Der Klunkerfischer</marc:subfield>
   </marc:datafield>
   <marc:datafield ind1="0" ind2="0" tag="245">
      <marc:subfield code="c">Colfer, Eoin</marc:subfield>
   </marc:datafield>
   <marc:datafield ind1=" " ind2="1" tag="264">
      <marc:subfield code="c">2015</marc:subfield>
   </marc:datafield>
   <marc:datafield ind1="1" ind2=" " tag="520">
      <marc:subfield code="a">Ein haarsträubendes Abenteuer im Herzen Londons, das die Zukunft verändern wird. Bestsellerautor Eoin Colfer mixt ein weiteres Mal die Genres: Zeitreise, Dystopie, Agententhriller. Ein lustvolles Lesevergnügen voller Fantasie und Abenteuer vom Autor der Artemis-Fowl-Bücher. Chevie Savano ist ins 21. Jahrhundert zurückgekehrt. Aber durch ihre Reise in die Vergangenheit hat sich der Zeitenlauf verändert. Die halbe Welt befindet sich nun im Krieg und Chevie soll zur Soldatin ausgebildet werden. Doch glücklicherweise gibt es auch in dieser Gegenwart eine WARP-Kapsel, mit der sie ins 19. Jahrhundert zurückkehren kann, um den Zeitstrahl wieder geradezubiegen. Im Jahr 1899 hat sich Riley unterdessen mit dem ehemaligen Gangsterboss und Klunkerfischer Otto Malarkey verbündet. Denn es gibt einen neuen Gegner: FBI Agent Colonel Box, der sich seit dreißig Jahren in den Katakomben von London versteckt, plant einen Aufstand, der den Lauf der Geschichte verändern wird. &#x84;Der Klunkerfischer&#x93; ist der zweite Band der WARP-Reihe. Der Titel des ersten Bandes lautet &#x84;Der Quantenzauberer&#x93;. Mehr Infos rund um WARP unter: www.colfer-warp.de</marc:subfield>
   </marc:datafield>
   <marc:datafield ind1=" " ind2=" " tag="020">
      <marc:subfield code="a">9783785579480</marc:subfield>
      <marc:subfield code="9">9783785579480</marc:subfield>
   </marc:datafield>
   <marc:datafield ind1=" " ind2=" " tag="020">
      <marc:subfield code="a">3785579489</marc:subfield>
      <marc:subfield code="9">3785579489</marc:subfield>
   </marc:datafield>
   <marc:datafield ind1=" " ind2=" " tag="338">
      <marc:subfield code="a">Band</marc:subfield>
   </marc:datafield>
   <marc:datafield ind1=" " ind2=" " tag="300">
      <marc:subfield code="a">387 S.</marc:subfield>
   </marc:datafield>
</marc:record>
